Регионална библиотека "Любен Каравелов" - Русе

Детски и домашни приказки (Запис номер 193684)

MARC детайли
000 -Лидер
Контролно поле с фиксирана дължина 01835nam a2200409 c 4500
003 - Код на организацията, давaща контролен номер
Контролно поле BLK
005 - Дата и час на последна редакция
Контролно поле 20250426143246.0
008 - Елементи от данни с фиксирана дължина
fixed length control field 180411b bul|||||r ||||||| ||bul||
010 ## - Наследен системен номер
LC control number KNG00202906000
020 ## - Международен стандартен номер на книга ISBN
Международен стандартен номер на книга ISBN 978-954-28-2229-5
-- издат.: Deja Book - (Сиела Норма)
040 ## - Източник на каталожния запис
Идентификатор на билиотеката - собственик на записа BLK
041 ## - Код за език
Код за езика на текст/звукозапис или на отделно заглавие Български
Код за езика КДБФ Български
072 #7 - Код за тематичната категория
Код организация bullib
Код за тематична категория Н83
Текст Чужда художествена литература Н
080 ## - УДК
Текстов определител УДК Немска литература
УДК код - определител по УДК 821.112.2
УДК определител -93-34
УДК - код + определител 821.112.2-93-34
080 ## - УДК
Текстов определител УДК Немска литература
УДК код - определител по УДК 821.112.2
УДК определител -34
УДК - код + определител 821.112.2-34
100 ## - Редна дума - Автор
Автор Грим, Вилхелм
Дати, свързани с автора 1786 - 1859
R(LIN) 363315
139 ## - Редно поле
Редна дума Грим, Вилхелм и др.
Авторски знак Грим - Г 83
245 10 - Сведения за заглавието
Заглавие Детски и домашни приказки
Подзаглавни данни Събрани от Братя Грим
Редно поле (дума) * Братя Грим; Вилхелм Грим; съавт. Якоб Грим; прев. от нем. Слави Ганев; ил. Артър Ракъм; ил. Лудвиг Емил Грим.
257 ## - Страна на издаване
Страна на създаване/издаване Германия
260 ## - Област на издателските данни
-- София
Име на издателя, разпространителя и проч. Deja Book
Година на издаване 2016
Печатница В. Търново : Абагар
300 ## - Физическа характеристика
Страници 832 с.
Илюстрации и др. с ил.
Размери/Мащаб 22 см
380 ## - Жанр
Жанр Детска худож. лит.
500 ## - Общи забележки
Забележка Прев. по Kinder- und Hausmarchen / Bruder Grimm в 2 т. - 1812, 1815.
653 ## - Ключова дума – ненормативна
Ключова дума приказки
659 ## - Тематичен бюлетин
Тематичен бюлетин Н
700 1# - Други автори (авторска отговорност)
Лично име Братя Грим
Автороска отговорност (Описва отношението между автора и произведението) *
9 (RLIN) 368076
700 ## - Други автори (авторска отговорност)
Лично име Грим, Якоб
Дати, свързани с автора 1785 - 1863
9 (RLIN) 363316
700 1# - Други автори (авторска отговорност)
Лично име Ганев, Слави
Автороска отговорност (Описва отношението между автора и произведението) прев. от нем.
9 (RLIN) 383519
700 1# - Други автори (авторска отговорност)
Лично име Ракъм, Артър
Автороска отговорност (Описва отношението между автора и произведението) ил.
9 (RLIN) 115008
700 1# - Други автори (авторска отговорност)
Лично име Грим, Лудвиг Емил
Автороска отговорност (Описва отношението между автора и произведението) ил.
9 (RLIN) 346352
852 ## - Местоположение
Форматна сигнатура Цб 284559
856 4# - Електронен адрес и достъп
Електронен формат pdf - файл
Път до файла /url/
856 4# - Електронен адрес и достъп
Електронен формат pdf - файл
Път до файла /url/
942 ## - АРТИКУЛИ
Вид на библиотечния материал Книги
Скрит в OPAC Не
Koha issues (borrowed), all copies 40
944 ## - СЪЗДАВАНЕ И РЕДАКЦИЯ на ЗАПИСА
Създаване/Редакция Създаване
Дата на регистрацията/редакция 14.03.2017
Статус, дата на статуса Валя Йорданова
Служител, извършил регистрацията/редакцията 30558
944 ## - СЪЗДАВАНЕ И РЕДАКЦИЯ на ЗАПИСА
Създаване/Редакция Редакция
Дата на регистрацията/редакция 16.03.2017
Статус, дата на статуса ф /
Служител, извършил регистрацията/редакцията Людмила_Стоянова
999 ## - СИСТЕМНИ КОНТРОЛНИ НОМЕРА
Koha biblionumber 193684
Koha biblioitemnumber 193684
Наличности
Код за отписване Код за изгубен артикул Код за повреда Коз за рестрикции Код за отдаване Артикулен № Име на библиотеката - собственик Име на библиотеката, в която се намира в момента Статус (Текущо местоположение) Дата на вписване в системата Местоположение - отдел Цена в лева Инвентарен номер Систематично азбучна сигнатура Баркод Номер на екземпляра Цена в евро Служебна бележка Служебен тип на артикула Източник на класификационната схема
  Не е изгубен Не е повреден без рестрикции заемане за дома 339071 Регионална библиотека "Любен Каравелов" Русе Регионална библиотека "Любен Каравелов" Русе Заемна - подръчен фонд 2017-03-14 Заемна - подръчен фонд 13.94 120000808851 П 830-31/Г 83 120000808851 1 7.13 Дост: Pk Вид: Ф N: 1608 Дата: 03.03.2017 Дата инв: 12.02.2018 Бележки инв: П2018 Книги  
  Не е изгубен Не е повреден без рестрикции заемане за дома 339072 Регионална библиотека "Любен Каравелов" Русе Регионална библиотека "Любен Каравелов" Русе Заемна - подръчен фонд 2017-03-14 Заемна - подръчен фонд 13.94 120000808852 П 830-31/Г 83 120000808852 2 7.13 Дост: Pk Вид: Ф N: 1608 Дата: 03.03.2017 Дата инв: 12.02.2018 Бележки инв: П2018 Книги  
  Не е изгубен Не е повреден без рестрикции заемане за дома 339073 Регионална библиотека "Любен Каравелов" Русе Регионална библиотека "Любен Каравелов" Русе Заемна - подръчен фонд 2017-03-14 Заемна - подръчен фонд 13.94 120000808853 П 830-31/Г 83 120000808853 3 7.13 Дост: Pk Вид: Ф N: 1608 Дата: 03.03.2017 Дата инв: 12.02.2018 Бележки инв: П2018 Книги  
  Не е изгубен Не е повреден само за читалня ползва се в читалня 926356 Регионална библиотека "Любен Каравелов" Русе Регионална библиотека "Любен Каравелов" Русе Хранилище 2023-03-31 Основен фонд - ползва се само за читалня 27.90 120000885567 Цб 317200 120000885567   14.27   Книги Universal Decimal Classification
Vip Innovations Ltd, Rousse, Bulgaria 2025